000 00480cam a2200169 4500
001 D13077
008 090401t1965 xxu||||| |||| 00| 0 eng d
035 _a(Sirsi) u7655
041 _aeng
110 _aInternational Society for Photogrammetry
_91323
245 _aFotogrammetrisk Ordbok, svenska, engelska, franska, italienska, polska spanska, tyska
260 _aAmsterdam
_bAngus
_c1965
350 _a0
520 _aShelf 183; 6 volume
942 _n0
948 _c04/03/1997
999 _c86427
_d86427